Un hombre con sombrero /

La sensación de facilidad acompaña a estos dibujos: su virtuosismo radica en esta humildad. Arman seres con nada: apenas unos palitos y el sombrero. Sus historias arrancan de lo nimio y desembocan en la sorpresa.

Guardado en:
Autor Principal: Roldán, Gustavo.
Formato: Libro
Idioma:Undetermined
Publicado: Buenos Aires : Pequeño Editor, 2013.
Series:Cuadriños
Materias:
Etiquetas: Agregar Etiqueta
Sin Etiquetas, Sea el primero en etiquetar este registro!
LEADER 00813nam a22002055a 4500
001 CEM.cems024546
008 250407s2013####ag############000#0#und#d
005 20250407160229.0
245 1 0 |a Un hombre con sombrero /  |c Gustavo Roldán. 
260 |a Buenos Aires :  |b Pequeño Editor,  |c 2013. 
300 |a 28 p. 
490 1 |a Cuadriños 
520 |a La sensación de facilidad acompaña a estos dibujos: su virtuosismo radica en esta humildad. Arman seres con nada: apenas unos palitos y el sombrero. Sus historias arrancan de lo nimio y desembocan en la sorpresa. 
020 |a 9789871374380 
100 1 |a Roldán, Gustavo. 
653 |a Historieta 
653 |a Historieta infantil 
653 |a Literatura infantil 
653 |a Literatura argentina 
859 |a CEMS  |b BIB. CEMS - Inicial y Primaria  |h A867.4  |i R643  |k IP  |p 3973  |t Ej.1